Damascus tiles : Mamluk and Ottoman architectural ceramics from Syria /

محفوظ في:

المؤلف الرئيسي: Millner, Arthur

التنسيق: كتاب

اللغة: English

منشور في: Munich : Prestel, [2015]

الموضوعات:

الوسوم: إضافة وسم

لا توجد وسوم, كن أول من يضع وسما على هذه التسجيلة!

رقم الطلب: ( F )NK4670.7 .S95 M55

LEADER 00718nam a22002177a 4500
003 OSt
005 20251222133018.0
008 251222t2015 gw ab g b 001 0 eng d
020 |a 9783791381473 
043 |a a-sy--- 
050 1 4 |a ( F )NK4670.7 .S95  |b M55 
100 1 |a Millner, Arthur, 
245 1 0 |a Damascus tiles :  |b Mamluk and Ottoman architectural ceramics from Syria /  |c Arthur Miller. 
260 |a Munich :   |b Prestel,   |c [2015] 
300 |a 320 pages :  |b illustrations, maps ;  |c 35 cm. 
504 |a Includes bibliographical references (pages 312-313) and index. 
650 0 |a Islamic tiles  |z Syria. 
650 0 |a Decoration and ornament, Architectural  |z Syria. 
901 |a reviewed 
942 |2 lcc  |c BK 
999 |c 31201  |d 31201